| 000 | 01080nam a22002897a 4500 | ||
|---|---|---|---|
| 999 |
_c21454 _d21454 |
||
| 003 | AR-CdUCM | ||
| 008 | 190220b ||||| |||| 00| 0 spa d | ||
| 020 | _a9789972515712 | ||
| 040 |
_aMUNICIPALIDAD PROVINCIAL DEL CUSCO _cBIBLIOTECA MUNICIPAL DEL CUSCO |
||
| 082 |
_a363.960/N35 _bN35 |
||
| 100 |
_aNecochea López, Raúl _944830 |
||
| 245 |
_aLa planificación familiar en el Perú del siglo XX / _cRaúl Necochea López ; [traducción, Melissa Philipps] |
||
| 260 |
_aLima : _bInstituto de Estudios Peruanos, IEP, _c2016. |
||
| 300 |
_a351 páginas. : _c21 cm. |
||
| 440 |
_aSerie Salud y Sociedad. _n4. _944831 |
||
| 500 |
_zBibliografía: p. [291]-351. _aTraducción de: A history of family planning in twentieth century Peru. |
||
| 650 |
_aControl de la natalidad _912063 |
||
| 650 |
_aHistoria _944832 |
||
| 650 |
_aSalud _98684 |
||
| 650 |
_aInvestigación _91940 |
||
| 650 |
_aSiglo XX _944833 |
||
| 650 |
_aPerú _944834 |
||
| 700 |
_aPhilipps, Melissa _944835 |
||
| 710 |
_aInstituto de Estudios Peruanos (Lima) _99759 |
||
| 942 |
_2ddc _cLIBROS |
||
| 945 | _aRoel | ||